Представление документа в формате RUSMARC

ПолеНазваниеЗначение
  Тип записи a
  Библиографический уровень m
001 Контрольный номер RU/SLIB/B/208737142
005 Дата корректировки 20231208145321.1
010 Индекс ISBN __
d Цена 94-00
101 Язык документа 0_
a Язык текста rus
200 Заглавие и сведения об ответственности 1_
a Заглавие По национальным паркам мира
e Сведения, относящиеся к заглавию кн. для учащихся
f Первые сведения об ответственности Горохов В. А., Вишневская С. С.
b Общее обозначение материала Текст
210 Выходные данные 1_
a Место издания М.
c Издательство Просвещение
d Дата издания 1993
215 Физическое описание __
a Объем 223 с.
c Иллюстрации/тип воспроизводства ил.
606 Тематические рубрики __
a Основная рубрика Биология
606 Тематические рубрики __
a Основная рубрика Прикладная биология
610 Ключевые слова 0_
a Ключевые слова национальные парки; заповедники; заказники; природа; растительный мир; животный мир; экология
686 Индексы других классификаций __
a Классификационный индекс 28.088л6; ст28.088л6
700 Автор _1
a Фамилия Горохов
b Имя В. А.
4 Код отношения 070
702 Вторичная интеллектуальная ответственность _1
a Фамилия Вишневская
b Имя С. С.
4 Код отношения Автор
4 Код отношения 070
801 Источник записи _0
a Страна RU
b Организация Муниципальное бюджетное учреждение культуры "Централизованная библиотечная система" г. Сургут (Центральная городская библиотека им. А. С. Пушкина)
g Правила каталогизации КиК/Уланова
801 Источник записи _1
a Страна RU
b Организация Муниципальное бюджетное учреждение культуры "Централизованная библиотечная система" г. Сургут (Центральная городская библиотека им. А. С. Пушкина)
g Правила каталогизации КиК/Уланова
852 Данные о местонахождении __
j Шифр хранения 28.088л6
i Авторский знак Г 70
p Инвентарный номер 50495
901 Тип документа __
t Тип документа m
990 Данные о заказе (DOS) __
j Количество экземпляров (DOS) 1
t N записи в КСУ для И/У (DOS) 199401